Marvel Comics: Members of the Twelve by Picture - Statistics

General Stats
  • This quiz has been taken 33 times
  • The average score is 9 of 12
Answer Stats
Picture Answer % Correct
Cyclops
100%
Cable
96%
Iceman
96%
Magneto
96%
Phoenix
96%
Professor X
93%
Storm
93%
Bishop
75%
Polaris
50%
Sunfire
46%
Living Monolith
11%
Mikhail Rasputin
7%
No matching quizzes found
Score Distribution
Percent of People with Each Score
Percentile by Number Answered
Your Score History
You have not taken this quiz